00735cam a22002411 4500001001300000003000400013005001700017008004100034010001700075025001900092035001900111040001900130043001200149050002300161100002800184245008100212250004700293260001900340300002700359651003100386610005900417999001700476ne 63001068 DLC20260227111746.0791126s1962 ua a 000 0 eng  ane 63001068  aPL480:UAR-2192 a(OCoLC)5728751 aDLCcMChBdDLC af-ua---00aDS110.5b.B34 19621 aBassili, William Farid.10aSinai and the Monastery of St. Catherine;ba practical guide for travellers. a4th ed.,bfully rev. with illus. and maps. a[Cairo]c1962. a186 p.billus.c19 cm. 0aSinai (Egypt)vGuidebooks.20aSaint Catherine (Monastery : Mount Sinai)vGuidebooks. c45922d45922